000 00419nam a2200157Ia 4500
008 240729s9999 xx 000 0 und d
022 _a1177-5491
245 0 _aBiologics: Targets & Therapy
260 _aUnited Kingdom
260 _bDove Medical Press
650 _a Medicine (General)
650 _aMedicine
856 _uhttps://doaj.org/toc/7accd0d80dba4791b2ef5549e1a7e6c2
942 _2ddc
942 _cDOAJEJ
999 _c73595
_d73595
945 _a1
_bMadushi Gamage
_c1
_dMadushi Gamage